00000000nam 2200000za 4500
0019.674704
003CaOODSP
00520250125192411
007cr |||||||||||
008150407|2009||||xxc|||||o    f|0| 0 hin d
020 |a978-0-662-03128-4
040 |aCaOODSP|bfre
043 |an-cn---
0861 |aCi4-12/2009Hin-PDF|zCi4-12/2009Hi-PDF
1101 |aCanada. |bCitoyenneté et immigration Canada.
24510|a[Fraude en matière d'immigration] |h[ressource électronique].
250 |a[Édition hindi].
260 |aOttawa - Ontario : |bCitoyenneté et Immigration Canada |c[2009?].
300 |a1p.
546 |aTexte en Hindi.
590 |a11-05-Supp|b2011-03-15
69107|aFraude|2gcpds
69107|aImmigration|2gcpds
791 |t[Immigration fraud] |eeng|w(CaOODSP)9.674703
85640|ahttp://publications.gc.ca|qPDF|s203 Ko|uhttps://publications.gc.ca/collections/collection_2011/cic/Ci4-12-2009-hin.pdf